Famous Liverpudlians - Statistics

General Stats
  • This quiz has been taken 36 times
  • The average score is 10 of 16
Answer Stats
Hint Answer % Correct
Beatles John Lennon
100%
Beatles George Harrison
97%
Beatles Paul McCartney
97%
Beatles Ringo Starr
97%
James Bond Daniel Craig
76%
Female singer Cilla Black
73%
Everton and Man Utd Wayne Rooney
73%
Original Beatles Pete Best
67%
Liverpool FC record goalscorer in Europe Steven Gerrard
61%
Red Dwarf Craig Charles
52%
Comedian from Knotty Ash Ken Dodd
45%
Snooker John Parrott
39%
Sex and the City Kim Cattrall
39%
Everton FC record goalscorer Dixie Dean
21%
Actor (political activist) Ricky Tomlinson
15%
Actor/voice actor (think Polish heritage) Peter Serafinowicz
6%
No matching quizzes found
Score Distribution
Percent of People with Each Score
Percentile by Number Answered
Your Score History
You have not taken this quiz